<?xml version="1.0" encoding="UTF-8"?>
<record
    xmlns:xsi="http://www.w3.org/2001/XMLSchema-instance"
    xsi:schemaLocation="http://www.loc.gov/MARC21/slim http://www.loc.gov/standards/marcxml/schema/MARC21slim.xsd"
    xmlns="http://www.loc.gov/MARC21/slim">

  <leader>01223nam0a2200301   4500</leader>
  <controlfield tag="001">RU\NLR\ONL2\8111</controlfield>
  <controlfield tag="005">20250627112159.0</controlfield>
  <datafield tag="035" ind1=" " ind2=" ">
    <subfield code="a">(NLR Aleph) 009655700</subfield>
  </datafield>
  <datafield tag="090" ind1=" " ind2=" ">
    <subfield code="a">13288780</subfield>
    <subfield code="c">13288780</subfield>
  </datafield>
  <datafield tag="100" ind1=" " ind2=" ">
    <subfield code="a">20071226d1957    |||y0rusy50      ca</subfield>
  </datafield>
  <datafield tag="101" ind1="0" ind2=" ">
    <subfield code="a">aze</subfield>
  </datafield>
  <datafield tag="102" ind1=" " ind2=" ">
    <subfield code="a">AZ</subfield>
  </datafield>
  <datafield tag="105" ind1=" " ind2=" ">
    <subfield code="a">y |||||||||</subfield>
  </datafield>
  <datafield tag="200" ind1="1" ind2=" ">
    <subfield code="a">&#x410;&#x437;&#x4D9;&#x440;&#x431;&#x430;j&#x4B9;&#x430;&#x43D;&#x434;&#x430; &#x4B9;&#x430;&#x43C;&#x44B;&#x448;&#x447;&#x44B;&#x43B;&#x44B;&#x493;&#x44B;&#x43D; &#x438;&#x43D;&#x43A;&#x438;&#x448;&#x430;&#x444;&#x438;&#x43D;&#x44B;&#x43D; &#x431;&#x4D9;'&#x437;&#x438; &#x43C;&#x4D9;&#x441;&#x4D9;&#x43B;&#x4D9;&#x43B;&#x4D9;&#x440;&#x438;</subfield>
    <subfield code="e">(&#x43E;&#x445;&#x443;&#x43D;&#x443;&#x43B;&#x43C;&#x443;&#x448; &#x43C;&#x4AF;h&#x430;&#x437;&#x438;&#x440;&#x4D9;&#x43D;&#x438;&#x43D; &#x441;&#x442;&#x435;&#x43D;&#x43E;&#x433;&#x440;&#x430;&#x43C;&#x44B;)</subfield>
    <subfield code="f">&#x4B9;&#x4D9;&#x43C;. &#x4AF;&#x437;&#x432;&#x4AF; &#x424;. &#x420;. &#x410;&#x431;&#x434;&#x438;&#x43D;&#x43E;&#x432;</subfield>
  </datafield>
  <datafield tag="210" ind1=" " ind2=" ">
    <subfield code="a">&#x411;&#x430;&#x43A;&#x44B;</subfield>
    <subfield code="c">&#x411;. &#x438;.</subfield>
    <subfield code="d">1957</subfield>
  </datafield>
  <datafield tag="215" ind1=" " ind2=" ">
    <subfield code="a">44 &#x441;.</subfield>
    <subfield code="d">19</subfield>
  </datafield>
  <datafield tag="225" ind1="1" ind2=" ">
    <subfield code="a">&#x410;&#x437;&#x421;&#x421;&#x420; &#x421;&#x438;j&#x430;&#x441;&#x438; &#x432;&#x4D9; &#x435;&#x43B;&#x43C;&#x438; &#x431;&#x438;&#x43B;&#x438;&#x43A;&#x43B;&#x4D9;&#x440;&#x438; j&#x430;j&#x430;&#x43D; &#x4B9;&#x4D9;&#x43C;-&#x442;.</subfield>
    <subfield code="e">IV &#x441;&#x435;&#x440;&#x438;&#x44F;</subfield>
    <subfield code="v">N7</subfield>
  </datafield>
  <datafield tag="541" ind1="1" ind2=" ">
    <subfield code="a">&#x41D;&#x435;&#x43A;&#x43E;&#x442;&#x43E;&#x440;&#x44B;&#x435; &#x432;&#x43E;&#x43F;&#x440;&#x43E;&#x441;&#x44B; &#x440;&#x430;&#x437;&#x432;&#x438;&#x442;&#x438;&#x44F; &#x431;&#x443;&#x439;&#x432;&#x43E;&#x43B;&#x43E;&#x432;&#x43E;&#x434;&#x441;&#x442;&#x432;&#x430; &#x432; &#x410;&#x437;&#x435;&#x440;&#x431;&#x430;&#x439;&#x434;&#x436;&#x430;&#x43D;&#x435;</subfield>
    <subfield code="z">rus</subfield>
  </datafield>
  <datafield tag="606" ind1="0" ind2=" ">
    <subfield code="a">&#x411;&#x443;&#x439;&#x432;&#x43E;&#x43B;&#x44B;</subfield>
    <subfield code="y">&#x410;&#x437;&#x435;&#x440;&#x431;&#x430;&#x439;&#x434;&#x436;&#x430;&#x43D;&#x441;&#x43A;&#x430;&#x44F; &#x421;&#x421;&#x420;</subfield>
    <subfield code="9">1199431</subfield>
    <subfield code="3">RU\NLR\auth\66167230</subfield>
  </datafield>
  <datafield tag="686" ind1="1" ind2=" ">
    <subfield code="a">&#x41F;605</subfield>
  </datafield>
  <datafield tag="700" ind1=" " ind2="1">
    <subfield code="a">&#x410;&#x431;&#x434;&#x438;&#x43D;&#x43E;&#x432;</subfield>
    <subfield code="b">&#x424;. &#x420;.</subfield>
    <subfield code="g">&#x424;&#x438;&#x43A;&#x440;&#x4D9;&#x442; &#x420;&#x4AF;&#x441;&#x442;&#x4D9;&#x43C; &#x43E;&#x493;&#x43B;&#x443;</subfield>
    <subfield code="4">070</subfield>
  </datafield>
  <datafield tag="801" ind1=" " ind2="0">
    <subfield code="a">RU</subfield>
    <subfield code="b">NLR</subfield>
    <subfield code="c">20071226</subfield>
    <subfield code="g">PSBO</subfield>
  </datafield>
  <datafield tag="852" ind1=" " ind2=" ">
    <subfield code="a">NLR</subfield>
    <subfield code="b">&#x41E;&#x41D;&#x41B;</subfield>
    <subfield code="j">&#x410;&#x437;&#x435;&#x440;&#x431;./2-8993</subfield>
  </datafield>
  <datafield tag="942" ind1=" " ind2=" ">
    <subfield code="c">BOOK</subfield>
  </datafield>
  <datafield tag="980" ind1=" " ind2=" ">
    <subfield code="a">ONL_RF</subfield>
  </datafield>
  <datafield tag="980" ind1=" " ind2=" ">
    <subfield code="a">NB</subfield>
  </datafield>
  <datafield tag="995" ind1=" " ind2=" ">
    <subfield code="5">2013-10-26</subfield>
    <subfield code="b">NLR01</subfield>
    <subfield code="c">NLR01</subfield>
    <subfield code="e">ONL01</subfield>
    <subfield code="f">1-2990093</subfield>
    <subfield code="k">&#x41E;&#x41D;&#x41B; &#x410;&#x437;&#x435;&#x440;&#x431;./2-8993</subfield>
    <subfield code="o">0</subfield>
    <subfield code="r">BOOK</subfield>
    <subfield code="s">_28993</subfield>
  </datafield>
</record>
